[Event "U12-U20 French Championships"]
[Site "chess24.com"]
[Date "2019.04.17"]
[Round "5"]
[White "Tomasi, Albert"]
[Black "Ciccoli, Theo"]
[Result "1-0"]
[Board "22"]
[WhiteTitle "FM"]
[WhiteElo "2283"]
[WhiteCountry "FRA"]
[WhiteFideId "26063620"]
[WhiteEloChange "7"]
[BlackElo "2177"]
[BlackCountry "FRA"]
[BlackFideId "26053780"]
[BlackEloChange "-7"]

1. e4 {[%clk 1:30:27]} c5 {[%clk 1:30:56]} 2. Nf3 {[%clk 1:30:50]} d6 {[%clk
1:31:20]} 3. d4 {[%clk 1:31:15]} cxd4 {[%clk 1:31:43]} 4. Nxd4 {[%clk 1:31:39]}
Nf6 {[%clk 1:32:09]} 5. Nc3 {[%clk 1:32:04]} g6 {[%clk 1:32:25]} 6. Be3 {[%clk
1:32:09]} Bg7 {[%clk 1:32:46]} 7. f3 {[%clk 1:32:31]} O-O {[%clk 1:32:49]} 8. Qd2
{[%clk 1:32:56]} Nc6 {[%clk 1:32:55]} 9. g4 {[%clk 1:33:19]} Be6 {[%clk 1:32:36]}
10. Nxe6 {[%clk 1:32:38]} fxe6 {[%clk 1:32:59]} 11. O-O-O {[%clk 1:32:56]} Ne5
{[%clk 1:32:15]} 12. Be2 {[%clk 1:33:16]} Qc8 {[%clk 1:31:34]} 13. Rhe1 {[%clk
1:31:15]} Nc4 {[%clk 1:30:11]} 14. Bxc4 {[%clk 1:31:33]} Qxc4 {[%clk 1:30:35]}
15. Bd4 {[%clk 1:31:35]} Nd7 {[%clk 1:30:13]} 16. Bxg7 {[%clk 1:31:45]} Kxg7
{[%clk 0:00:09]} 17. f4 {[%clk 1:31:51]} b5 {[%clk 1:30:17]} 18. Kb1 {[%clk
1:27:01]} b4 {[%clk 1:29:19]} 19. Ne2 {[%clk 1:25:51]} e5 {[%clk 1:28:10]} 20. f5
{[%clk 1:16:58]} Qxe4 {[%clk 1:24:51]} 21. Ng3 {[%clk 1:09:38]} Qf4 {[%clk
1:01:15]} 22. Qxf4 {[%clk 1:06:05]} exf4 {[%clk 1:01:38]} 23. Rxe7+ {[%clk
1:06:26]} Rf7 {[%clk 1:01:07]} 24. Rxf7+ {[%clk 1:02:07]} Kxf7 {[%clk 1:01:29]}
25. fxg6+ {[%clk 0:44:17]} hxg6 {[%clk 0:57:07]} 26. Ne4 {[%clk 0:43:25]} Ne5
{[%clk 0:50:48]} 27. Rxd6 {[%clk 0:31:02]} Nxg4 {[%clk 0:46:58]} 28. h3 {[%clk
0:31:01]} Re8 {[%clk 0:41:13]} 29. Rd4 {[%clk 0:31:00]} Rh8 {[%clk 0:34:33]} 30.
Rxb4 {[%clk 0:30:56]} Rd8 {[%clk 0:29:13]} 31. Ng5+ {[%clk 0:16:03]} Kf6 {[%clk
0:14:52]} 32. Rxf4+ {[%clk 0:16:06]} Ke5 {[%clk 0:13:58]} 33. Re4+ {[%clk
0:14:25]} Kf6 {[%clk 0:00:33]} 34. Kc1 {[%clk 0:12:37]} Nh6 {[%clk 0:10:29]} 35.
h4 {[%clk 0:12:04]} Nf5 {[%clk 0:09:55]} 36. Nf3 {[%clk 0:09:26]} Rd7 {[%clk
0:09:02]} 37. c4 {[%clk 0:09:41]} Rd3 {[%clk 0:07:43]} 38. Ne5 {[%clk 0:09:46]}
Rh3 {[%clk 0:06:13]} 39. Nd7+ {[%clk 0:07:56]} Kf7 {[%clk 0:06:21]} 40. Ne5+
{[%clk 0:04:25]} Kf6 {[%clk 0:06:50]} 41. Nc6 {[%clk 0:01:43]} a6 {[%clk
0:06:25]} 42. Nb4 {[%clk 0:01:43]} a5 {[%clk 0:06:25]} 43. Nd5+ {[%clk 0:01:43]}
Kf7 {[%clk 0:07:06]} 44. Kc2 {[%clk 0:00:49]} Nxh4 {[%clk 0:07:04]} 45. Re7+
{[%clk 0:00:48]} Kf8 {[%clk 0:07:33]} 46. Rh7 {[%clk 0:00:42]} Rh2+ {[%clk
0:05:32]} 47. Kb3 {[%clk 0:01:06]} g5 {[%clk 0:03:39]} 48. c5 {[%clk 0:01:31]}
a4+ {[%clk 0:01:50]} 49. Ka3 {[%clk 0:01:35]} Rc2 {[%clk 0:01:25]} 50. Nc3 {[%clk
0:01:43]} Nf5 {[%clk 0:00:39]} 51. c6 {[%clk 0:01:37]} Ke8 {[%clk 0:00:43]} 52.
c7 {[%clk 0:01:14]} Nd6 {[%clk 0:01:05]} 53. Rg7 {[%clk 0:01:15]} g4 {[%clk
0:00:46]} 54. Nd5 {[%clk 0:00:32]} Rc5 {[%clk 0:00:39]} 55. Re7+ {[%clk 0:00:38]}
Kf8 {[%clk 0:01:07]} 56. Rd7 {[%clk 0:00:50]} Nb5+ {[%clk 0:00:42]} 57. Kb4
{[%clk 0:01:09]} Rc2 {[%clk 0:00:34]} 58. Kxb5 {[%clk 0:01:30]} g3 {[%clk
0:00:53]} 59. Rd8+ {[%clk 0:01:41]} Kf7 {[%clk 0:01:18]} 60. c8Q {[%clk 0:01:59]}
Rxb2+ {[%clk 0:01:28]} 61. Nb4 {[%clk 0:02:21]} g2 {[%clk 0:01:39]} 62. Qf5+
{[%clk 0:02:42]} 1-0

[Event "U12-U20 French Championships"]
[Site "chess24.com"]
[Date "2019.04.17"]
[Round "5"]
[White "Sabiani, Chjara"]
[Black "Randrianarimanana, Alicia"]
[Result "1/2-1/2"]
[Board "23"]
[WhiteElo "1812"]
[WhiteCountry "FRA"]
[WhiteFideId "26081369"]
[WhiteEloChange "1"]
[BlackElo "1861"]
[BlackCountry "FRA"]
[BlackFideId "36034738"]
[BlackEloChange "-1"]

1. d4 {[%clk 1:29:21]} g6 {[%clk 1:30:51]} 2. c4 {[%clk 1:29:06]} Bg7 {[%clk
1:31:17]} 3. Nc3 {[%clk 1:28:25]} e6 {[%clk 1:31:36]} 4. e4 {[%clk 1:27:36]} Ne7
{[%clk 1:31:31]} 5. Bg5 {[%clk 1:22:55]} h6 {[%clk 1:31:40]} 6. Be3 {[%clk
1:23:00]} d5 {[%clk 1:31:30]} 7. cxd5 {[%clk 1:09:50]} exd5 {[%clk 1:31:39]} 8.
Nxd5 {[%clk 1:09:47]} Nxd5 {[%clk 1:31:33]} 9. exd5 {[%clk 1:10:13]} Qxd5 {[%clk
1:30:06]} 10. Qf3 {[%clk 1:09:12]} Be6 {[%clk 1:17:58]} 11. Qxd5 {[%clk 1:08:30]}
Bxd5 {[%clk 1:18:27]} 12. Ne2 {[%clk 1:04:25]} Nd7 {[%clk 0:57:44]} 13. Nf4
{[%clk 0:57:26]} Nb6 {[%clk 0:57:54]} 14. Nxd5 {[%clk 0:53:48]} Nxd5 {[%clk
0:58:23]} 15. Bc4 {[%clk 0:48:07]} O-O-O {[%clk 0:58:11]} 16. O-O-O {[%clk
0:46:17]} Rd6 {[%clk 0:40:26]} 17. Bxd5 {[%clk 0:36:41]} Rxd5 {[%clk 0:40:55]}
18. Rd2 {[%clk 0:36:39]} Rhd8 {[%clk 0:40:47]} 19. Rhd1 {[%clk 0:36:53]} c6
{[%clk 0:21:51]} 20. Kc2 {[%clk 0:32:05]} Re8 {[%clk 0:19:20]} 21. Kd3 {[%clk
0:26:15]} f5 {[%clk 0:18:52]} 22. Kc4 {[%clk 0:22:32]} g5 {[%clk 0:18:35]} 23. g3
{[%clk 0:21:35]} Re4 {[%clk 0:18:23]} 24. Rd3 {[%clk 0:21:38]} f4 {[%clk
0:17:00]} 25. gxf4 {[%clk 0:20:29]} gxf4 {[%clk 0:17:28]} 26. Bc1 {[%clk
0:20:24]} b5+ {[%clk 0:17:42]} 27. Kb3 {[%clk 0:18:44]} h5 {[%clk 0:13:55]} 28.
f3 {[%clk 0:18:14]} Rexd4 {[%clk 0:13:32]} 29. Rxd4 {[%clk 0:18:39]} Rxd4 {[%clk
0:13:04]} 30. Rxd4 {[%clk 0:19:05]} Bxd4 {[%clk 0:13:30]} 31. Bxf4 {[%clk
0:19:22]} c5 {[%clk 0:13:48]} 32. Bc1 {[%clk 0:15:01]} Kd7 {[%clk 0:13:35]} 33.
a4 {[%clk 0:11:04]} a6 {[%clk 0:14:03]} 34. axb5 {[%clk 0:11:03]} axb5 {[%clk
0:14:32]} 35. Kc2 {[%clk 0:11:14]} Ke6 {[%clk 0:14:59]} 36. Bg5 {[%clk 0:09:47]}
Kf5 {[%clk 0:15:11]} 37. h4 {[%clk 0:06:05]} Be5 {[%clk 0:15:09]} 38. b3 {[%clk
0:09:05]} Bf4 {[%clk 0:15:09]} 39. Be7 {[%clk 0:09:29]} Be3 {[%clk 0:15:09]} 40.
Kd3 {[%clk 0:09:49]} Bg1 {[%clk 0:13:54]} 41. Ke2 {[%clk 0:07:39]} c4 {[%clk
0:13:54]} 42. bxc4 {[%clk 0:07:39]} bxc4 {[%clk 0:13:54]} 43. Bg5 {[%clk
0:06:19]} Bd4 {[%clk 0:13:54]} 44. Kd2 {[%clk 0:06:44]} Be5 {[%clk 0:13:48]} 45.
Kc2 {[%clk 0:05:57]} Bg7 {[%clk 0:08:33]} 46. Kd2 {[%clk 0:05:57]} Bh8 {[%clk
0:08:33]} 47. Kc2 {[%clk 0:05:57]} Be5 {[%clk 0:08:52]} 48. Kd1 {[%clk 0:06:11]}
Bf4 {[%clk 0:08:21]} 49. Be7 {[%clk 0:06:01]} Ke5 {[%clk 0:08:35]} 50. Bc5 {[%clk
0:05:31]} Kd5 {[%clk 0:08:35]} 51. Bf2 {[%clk 0:05:31]} c3 {[%clk 0:08:07]} 52.
Kc2 {[%clk 0:05:31]} Kc4 {[%clk 0:08:07]} 53. Be1 {[%clk 0:05:46]} Be5 {[%clk
0:07:46]} 54. Bf2 {[%clk 0:06:09]} 1/2-1/2

[Event "U12-U20 French Championships"]
[Site "chess24.com"]
[Date "2019.04.17"]
[Round "5"]
[White "Aubert, Estee"]
[Black "Diez, Ambre"]
[Result "1-0"]
[Board "24"]
[WhiteElo "1839"]
[WhiteCountry "FRA"]
[WhiteFideId "26053438"]
[WhiteEloChange "8"]
[BlackElo "1775"]
[BlackCountry "FRA"]
[BlackFideId "36074772"]
[BlackEloChange "-8"]

1. d4 {[%clk 1:30:57]} Nf6 {[%clk 1:30:52]} 2. c4 {[%clk 1:31:23]} c5 {[%clk
1:31:13]} 3. d5 {[%clk 1:31:48]} b5 {[%clk 1:31:35]} 4. Qc2 {[%clk 1:32:15]} d6
{[%clk 1:31:51]} 5. e4 {[%clk 1:32:23]} g6 {[%clk 1:32:06]} 6. cxb5 {[%clk
1:32:30]} a6 {[%clk 1:32:16]} 7. Nc3 {[%clk 1:32:55]} Bg7 {[%clk 1:32:25]} 8. Nf3
{[%clk 1:33:17]} Nbd7 {[%clk 1:32:41]} 9. h3 {[%clk 1:32:58]} O-O {[%clk
1:29:58]} 10. Be2 {[%clk 1:32:44]} Qc7 {[%clk 1:25:29]} 11. O-O {[%clk 1:32:37]}
Bb7 {[%clk 1:22:20]} 12. a4 {[%clk 1:23:58]} Rfb8 {[%clk 1:17:38]} 13. Bf4 {[%clk
1:21:27]} Nh5 {[%clk 1:08:27]} 14. Bh2 {[%clk 1:21:25]} Bh6 {[%clk 1:08:24]} 15.
Rfe1 {[%clk 1:15:58]} Nf4 {[%clk 1:08:05]} 16. Bf1 {[%clk 1:16:22]} g5 {[%clk
0:56:02]} 17. Qc1 {[%clk 1:03:43]} Ne5 {[%clk 0:51:00]} 18. Nxe5 {[%clk 0:55:04]}
dxe5 {[%clk 0:51:20]} 19. Bxf4 {[%clk 0:54:13]} gxf4 {[%clk 0:51:35]} 20. Nb1
{[%clk 0:47:15]} axb5 {[%clk 0:48:29]} 21. Bxb5 {[%clk 0:43:04]} Bxd5 {[%clk
0:48:11]} 22. Ra3 {[%clk 0:41:28]} Bb7 {[%clk 0:36:27]} 23. Rc3 {[%clk 0:41:24]}
Qd6 {[%clk 0:34:56]} 24. Rxc5 {[%clk 0:34:51]} Rc8 {[%clk 0:25:44]} 25. Rxc8+
{[%clk 0:33:00]} Rxc8 {[%clk 0:26:04]} 26. Qd2 {[%clk 0:29:56]} Qg6 {[%clk
0:22:30]} 27. Qd3 {[%clk 0:26:50]} f5 {[%clk 0:17:19]} 28. Nd2 {[%clk 0:19:33]}
f3 {[%clk 0:14:12]} 29. Nxf3 {[%clk 0:19:43]} fxe4 {[%clk 0:14:35]} 30. Qb3+
{[%clk 0:19:59]} Kg7 {[%clk 0:14:20]} 31. Nxe5 {[%clk 0:20:00]} Qf5 {[%clk
0:06:33]} 32. Qg3+ {[%clk 0:19:25]} Kh8 {[%clk 0:06:30]} 33. Bd7 {[%clk 0:19:34]}
Bf4 {[%clk 0:01:03]} 34. Bxf5 {[%clk 0:19:40]} Bxg3 {[%clk 0:01:27]} 35. Bxc8
{[%clk 0:19:47]} 1-0

[Event "U12-U20 French Championships"]
[Site "chess24.com"]
[Date "2019.04.17"]
[Round "5"]
[White "Tomasi, Elise"]
[Black "Rozec, Mialy"]
[Result "1/2-1/2"]
[Board "25"]
[WhiteElo "1904"]
[WhiteCountry "FRA"]
[WhiteFideId "26088843"]
[WhiteEloChange "-6"]
[BlackElo "1683"]
[BlackCountry "FRA"]
[BlackFideId "26092409"]
[BlackEloChange "6"]

1. d4 {[%clk 1:30:47]} d5 {[%clk 1:30:54]} 2. Nf3 {[%clk 1:31:11]} Nf6 {[%clk
1:31:18]} 3. g3 {[%clk 1:31:23]} b5 {[%clk 1:31:41]} 4. Bg2 {[%clk 1:31:37]} e6
{[%clk 1:31:54]} 5. O-O {[%clk 1:28:29]} Bb7 {[%clk 1:32:04]} 6. b3 {[%clk
1:23:05]} Nbd7 {[%clk 1:28:50]} 7. c4 {[%clk 1:21:35]} bxc4 {[%clk 1:27:34]} 8.
bxc4 {[%clk 1:21:10]} dxc4 {[%clk 1:27:56]} 9. Nbd2 {[%clk 1:19:49]} c3 {[%clk
1:27:27]} 10. Nc4 {[%clk 1:11:09]} Be7 {[%clk 1:21:10]} 11. Qb3 {[%clk 0:57:07]}
Rb8 {[%clk 1:20:19]} 12. Qxc3 {[%clk 0:55:21]} O-O {[%clk 1:18:35]} 13. Ba3
{[%clk 0:47:00]} c5 {[%clk 1:07:33]} 14. Rfd1 {[%clk 0:37:31]} Qc7 {[%clk
0:59:55]} 15. Rac1 {[%clk 0:32:09]} Ba6 {[%clk 0:39:31]} 16. Qa5 {[%clk 0:21:03]}
Qxa5 {[%clk 0:35:08]} 17. Nxa5 {[%clk 0:21:11]} Rfc8 {[%clk 0:32:21]} 18. Ne5
{[%clk 0:14:37]} Nxe5 {[%clk 0:27:13]} 19. dxe5 {[%clk 0:14:26]} Nd5 {[%clk
0:25:45]} 20. Bxd5 {[%clk 0:11:20]} exd5 {[%clk 0:24:38]} 21. Rxd5 {[%clk
0:09:45]} Bxe2 {[%clk 0:24:01]} 22. Rd7 {[%clk 0:08:06]} Bf8 {[%clk 0:23:10]} 23.
Kg2 {[%clk 0:06:27]} a6 {[%clk 0:22:42]} 24. Nc4 {[%clk 0:04:49]} Bg4 {[%clk
0:20:56]} 25. Rd2 {[%clk 0:04:40]} Rc6 {[%clk 0:17:27]} 26. Nd6 {[%clk 0:03:40]}
c4 {[%clk 0:13:58]} 27. Rxc4 {[%clk 0:01:58]} Rxc4 {[%clk 0:11:27]} 28. Nxc4
{[%clk 0:02:22]} Bxa3 {[%clk 0:11:30]} 29. Nxa3 {[%clk 0:02:46]} Be6 {[%clk
0:11:41]} 30. Rd6 {[%clk 0:02:12]} Ra8 {[%clk 0:10:08]} 31. Rd2 {[%clk 0:02:16]}
g6 {[%clk 0:09:43]} 32. Nb1 {[%clk 0:02:12]} Rc8 {[%clk 0:09:40]} 33. Rb2 {[%clk
0:01:15]} Rc5 {[%clk 0:07:31]} 34. f4 {[%clk 0:01:11]} Ra5 {[%clk 0:07:24]} 35.
Nc3 {[%clk 0:01:10]} Ra3 {[%clk 0:07:46]} 36. Rc2 {[%clk 0:01:28]} Bf5 {[%clk
0:06:28]} 37. Rc1 {[%clk 0:01:53]} Be6 {[%clk 0:06:46]} 38. Rc2 {[%clk 0:02:19]}
Bf5 {[%clk 0:07:09]} 1/2-1/2

[Event "U12-U20 French Championships"]
[Site "chess24.com"]
[Date "2019.04.17"]
[Round "5"]
[White "Konate, Salma"]
[Black "Djidjeli, Sarah"]
[Result "0-1"]
[Board "26"]
[WhiteElo "1695"]
[WhiteCountry "FRA"]
[WhiteFideId "36034975"]
[WhiteEloChange "-2"]
[BlackElo "2041"]
[BlackCountry "FRA"]
[BlackFideId "36067474"]
[BlackEloChange "2"]

1. e4 {[%clk 1:30:56]} c5 {[%clk 1:30:56]} 2. c3 {[%clk 1:31:20]} d5 {[%clk
1:31:05]} 3. e5 {[%clk 1:31:34]} Nc6 {[%clk 1:21:05]} 4. d4 {[%clk 1:28:23]} cxd4
{[%clk 1:17:33]} 5. cxd4 {[%clk 1:28:36]} Qb6 {[%clk 1:17:32]} 6. Ne2 {[%clk
1:25:01]} Bg4 {[%clk 1:13:28]} 7. f3 {[%clk 1:23:02]} Bf5 {[%clk 1:11:49]} 8. a3
{[%clk 1:22:42]} Bxb1 {[%clk 1:01:22]} 9. Rxb1 {[%clk 1:22:16]} e6 {[%clk
1:01:50]} 10. Be3 {[%clk 1:12:56]} Nge7 {[%clk 1:01:10]} 11. Ng3 {[%clk 1:12:54]}
Nxe5 {[%clk 0:59:48]} 12. Qd2 {[%clk 0:59:13]} Nd7 {[%clk 0:57:05]} 13. b4 {[%clk
0:47:58]} Nc6 {[%clk 0:53:43]} 14. Be2 {[%clk 0:43:21]} Nf6 {[%clk 0:42:46]} 15.
O-O {[%clk 0:27:23]} Be7 {[%clk 0:38:48]} 16. f4 {[%clk 0:17:45]} g6 {[%clk
0:35:59]} 17. Bf3 {[%clk 0:14:25]} Bf8 {[%clk 0:28:34]} 18. Ne2 {[%clk 0:11:05]}
Bg7 {[%clk 0:28:37]} 19. Nc3 {[%clk 0:08:11]} O-O {[%clk 0:25:35]} 20. Ra1 {[%clk
0:06:35]} Rac8 {[%clk 0:23:44]} 21. Na4 {[%clk 0:06:43]} Qd8 {[%clk 0:22:48]} 22.
Nc5 {[%clk 0:00:38]} b6 {[%clk 0:22:03]} 23. Nd3 {[%clk 0:06:37]} Ne8 {[%clk
0:21:57]} 24. Ne5 {[%clk 0:03:43]} Nd6 {[%clk 0:21:59]} 25. Rac1 {[%clk 0:02:13]}
Nxe5 {[%clk 0:20:59]} 26. fxe5 {[%clk 0:02:29]} Nc4 {[%clk 0:21:19]} 27. Qd3
{[%clk 0:02:11]} Nxe3 {[%clk 0:21:10]} 28. Qxe3 {[%clk 0:02:33]} Qh4 {[%clk
0:21:31]} 29. Rxc8 {[%clk 0:01:45]} Rxc8 {[%clk 0:21:57]} 30. g3 {[%clk 0:01:04]}
Bh6 {[%clk 0:19:16]} 31. Qf2 {[%clk 0:00:55]} Qe7 {[%clk 0:19:31]} 32. Kg2 {[%clk
0:00:36]} Rc3 {[%clk 0:19:20]} 33. Qb2 {[%clk 0:00:34]} Qc7 {[%clk 0:19:30]} 34.
Bd1 {[%clk 0:00:33]} Be3 {[%clk 0:18:55]} 35. a4 {[%clk 0:00:32]} Bxd4 {[%clk
0:19:09]} 36. Qe2 {[%clk 0:00:53]} Bxe5 {[%clk 0:19:10]} 0-1

[Event "U12-U20 French Championships"]
[Site "chess24.com"]
[Date "2019.04.17"]
[Round "5"]
[White "Droin, Augustin"]
[Black "Roux, Baptiste"]
[Result "1-0"]
[Board "27"]
[WhiteElo "2088"]
[WhiteCountry "FRA"]
[WhiteFideId "45105987"]
[WhiteEloChange "9"]
[BlackElo "2054"]
[BlackCountry "FRA"]
[BlackFideId "36017450"]
[BlackEloChange "-9"]

1. e4 {[%clk 1:30:50]} c5 {[%clk 1:30:48]} 2. Nf3 {[%clk 1:31:09]} a6 {[%clk
1:30:55]} 3. c3 {[%clk 1:27:48]} d5 {[%clk 1:31:09]} 4. exd5 {[%clk 1:27:10]}
Qxd5 {[%clk 1:31:30]} 5. d4 {[%clk 1:27:36]} e6 {[%clk 1:31:25]} 6. Bd3 {[%clk
1:26:12]} Nc6 {[%clk 1:20:37]} 7. dxc5 {[%clk 1:25:09]} Bxc5 {[%clk 1:20:15]} 8.
Qe2 {[%clk 1:24:57]} Nf6 {[%clk 1:17:22]} 9. Bg5 {[%clk 1:22:16]} Ng4 {[%clk
0:58:38]} 10. Bh4 {[%clk 1:20:39]} Nge5 {[%clk 0:49:09]} 11. Be4 {[%clk 1:18:14]}
Nxf3+ {[%clk 0:46:28]} 12. Qxf3 {[%clk 1:17:58]} Qd7 {[%clk 0:43:50]} 13. O-O
{[%clk 1:16:23]} f5 {[%clk 0:35:28]} 14. Bxc6 {[%clk 1:16:14]} Qxc6 {[%clk
0:34:08]} 15. Qxc6+ {[%clk 1:16:01]} bxc6 {[%clk 0:34:37]} 16. Rd1 {[%clk
1:15:50]} Bb7 {[%clk 0:26:48]} 17. b4 {[%clk 1:15:17]} Be7 {[%clk 0:26:12]} 18.
Bxe7 {[%clk 1:15:30]} Kxe7 {[%clk 0:26:41]} 19. Nd2 {[%clk 1:14:59]} Rhd8 {[%clk
0:19:26]} 20. Nb3 {[%clk 1:14:44]} Rxd1+ {[%clk 0:18:53]} 21. Rxd1 {[%clk
1:15:00]} Rd8 {[%clk 0:19:05]} 22. Rxd8 {[%clk 1:15:04]} Kxd8 {[%clk 0:19:34]}
23. Nc5 {[%clk 1:15:09]} Bc8 {[%clk 0:19:58]} 24. f4 {[%clk 1:15:09]} Kc7 {[%clk
0:20:10]} 25. Kf2 {[%clk 1:11:26]} Kd6 {[%clk 0:16:51]} 26. Nd3 {[%clk 1:07:01]}
Kd5 {[%clk 0:13:48]} 27. Ke3 {[%clk 1:07:12]} Kc4 {[%clk 0:12:25]} 28. Kd2 {[%clk
1:07:07]} Kd5 {[%clk 0:12:05]} 29. g3 {[%clk 1:06:34]} Ke4 {[%clk 0:08:51]} 30.
Ke2 {[%clk 1:02:41]} Kd5 {[%clk 0:08:56]} 31. Ne5 {[%clk 1:02:30]} c5 {[%clk
0:06:36]} 32. Kd3 {[%clk 1:02:42]} cxb4 {[%clk 0:06:40]} 33. cxb4 {[%clk
1:03:07]} Bb7 {[%clk 0:03:53]} 34. h4 {[%clk 1:02:53]} h6 {[%clk 0:04:01]} 35.
Nc4 {[%clk 1:02:15]} Bc6 {[%clk 0:03:42]} 36. Nb6+ {[%clk 1:02:12]} Kd6 {[%clk
0:04:11]} 37. Kd4 {[%clk 1:02:34]} Be4 {[%clk 0:02:54]} 38. a4 {[%clk 1:02:03]}
Bc2 {[%clk 0:02:25]} 39. b5 {[%clk 1:01:50]} Kc7 {[%clk 0:00:53]} 40. Kc5 {[%clk
1:01:56]} axb5 {[%clk 0:00:57]} 41. axb5 {[%clk 1:02:19]} Be4 {[%clk 0:00:42]}
42. Nc4 {[%clk 1:02:42]} Kd7 {[%clk 0:00:55]} 43. Ne5+ {[%clk 1:02:29]} Ke7
{[%clk 0:01:01]} 44. b6 {[%clk 1:02:11]} Bb7 {[%clk 0:00:15]} 45. Nc4 {[%clk
1:02:15]} g5 {[%clk 0:01:13]} 46. Nd6 {[%clk 1:01:54]} gxh4 {[%clk 0:00:34]} 47.
gxh4 {[%clk 1:02:20]} Bd5 {[%clk 0:00:47]} 48. b7 {[%clk 1:02:26]} Bxb7 {[%clk
0:01:15]} 49. Nxb7 {[%clk 1:02:51]} Kf6 {[%clk 0:01:29]} 50. Kd6 {[%clk 1:03:17]}
Kg6 {[%clk 0:01:41]} 51. Kxe6 {[%clk 1:03:34]} Kh5 {[%clk 0:02:06]} 52. Kxf5
{[%clk 1:03:53]} Kxh4 {[%clk 0:02:29]} 53. Kg6 {[%clk 1:04:20]} Kg4 {[%clk
0:02:49]} 54. f5 {[%clk 1:04:47]} h5 {[%clk 0:03:14]} 55. f6 {[%clk 1:05:14]} h4
{[%clk 0:03:36]} 56. f7 {[%clk 1:05:38]} h3 {[%clk 0:03:58]} 57. f8Q {[%clk
1:06:04]} Kg3 {[%clk 0:04:20]} 58. Qf1 {[%clk 1:06:12]} Kh2 {[%clk 0:04:41]} 59.
Nc5 {[%clk 1:06:32]} 1-0

[Event "U12-U20 French Championships"]
[Site "chess24.com"]
[Date "2019.04.17"]
[Round "5"]
[White "Auroux, William"]
[Black "Razafindratsima, Timothe"]
[Result "1-0"]
[Board "28"]
[WhiteElo "1983"]
[WhiteCountry "FRA"]
[WhiteFideId "45118752"]
[WhiteEloChange "15"]
[BlackElo "2181"]
[BlackCountry "FRA"]
[BlackFideId "36069884"]
[BlackEloChange "-15"]

1. d4 {[%clk 1:30:55]} Nf6 {[%clk 0:00:27]} 2. c4 {[%clk 1:30:59]} c5 {[%clk
1:31:15]} 3. Nf3 {[%clk 0:03:13]} cxd4 {[%clk 1:28:26]} 4. Nxd4 {[%clk 1:28:12]}
Nc6 {[%clk 1:27:40]} 5. Nc3 {[%clk 1:25:27]} Qb6 {[%clk 1:27:44]} 6. Nc2 {[%clk
1:22:08]} e6 {[%clk 1:26:40]} 7. e3 {[%clk 1:11:29]} Be7 {[%clk 1:17:17]} 8. g3
{[%clk 1:04:25]} O-O {[%clk 1:16:53]} 9. Bg2 {[%clk 1:03:54]} Ne5 {[%clk
1:14:55]} 10. b3 {[%clk 0:59:31]} Qa5 {[%clk 1:03:40]} 11. Qd2 {[%clk 0:54:45]}
d6 {[%clk 0:45:09]} 12. O-O {[%clk 0:53:21]} Qc7 {[%clk 0:44:36]} 13. f4 {[%clk
0:45:23]} Ng6 {[%clk 0:43:12]} 14. e4 {[%clk 0:43:40]} Bd7 {[%clk 0:42:42]} 15.
Bb2 {[%clk 0:35:40]} a6 {[%clk 0:40:14]} 16. Rac1 {[%clk 0:27:49]} b5 {[%clk
0:29:12]} 17. Ne3 {[%clk 0:18:38]} b4 {[%clk 0:20:55]} 18. Ncd1 {[%clk 0:16:57]}
Rab8 {[%clk 0:20:54]} 19. Nf2 {[%clk 0:13:58]} Rfd8 {[%clk 0:19:47]} 20. Rce1
{[%clk 0:05:35]} Bc6 {[%clk 0:17:58]} 21. Neg4 {[%clk 0:03:06]} Nxg4 {[%clk
0:17:56]} 22. Nxg4 {[%clk 0:03:29]} h5 {[%clk 0:13:39]} 23. Ne3 {[%clk 0:02:19]}
h4 {[%clk 0:12:09]} 24. Qe2 {[%clk 0:01:19]} hxg3 {[%clk 0:07:22]} 25. hxg3
{[%clk 0:01:46]} e5 {[%clk 0:07:33]} 26. f5 {[%clk 0:01:21]} Nh8 {[%clk 0:07:25]}
27. Qh5 {[%clk 0:00:43]} f6 {[%clk 0:06:55]} 28. Ng4 {[%clk 0:00:39]} Qa7+ {[%clk
0:06:53]} 29. Rf2 {[%clk 0:00:42]} Be8 {[%clk 0:06:54]} 30. Qh3 {[%clk 0:00:40]}
d5 {[%clk 0:06:59]} 31. exd5 {[%clk 0:00:48]} Bc5 {[%clk 0:07:24]} 32. Bc1 {[%clk
0:00:42]} Bxf2+ {[%clk 0:07:44]} 33. Nxf2 {[%clk 0:01:10]} Nf7 {[%clk 0:06:52]}
34. Be3 {[%clk 0:01:33]} Qb7 {[%clk 0:06:35]} 35. Ne4 {[%clk 0:01:36]} Qe7 {[%clk
0:05:16]} 36. Kf2 {[%clk 0:00:39]} Ng5 {[%clk 0:05:07]} 37. Bxg5 {[%clk 0:00:28]}
fxg5 {[%clk 0:05:26]} 38. Rh1 {[%clk 0:00:44]} Qa7+ {[%clk 0:02:33]} 39. Ke2
{[%clk 0:00:39]} Qd4 {[%clk 0:01:18]} 40. Qh7+ {[%clk 0:00:42]} Kf7 {[%clk
0:00:34]} 41. Nxg5+ {[%clk 0:00:37]} Kf6 {[%clk 0:00:33]} 42. Ne4+ {[%clk
0:00:56]} Qxe4+ {[%clk 0:00:47]} 43. Bxe4 {[%clk 0:01:21]} Bd7 {[%clk 0:01:02]}
44. Qg6+ {[%clk 0:01:42]} Ke7 {[%clk 0:01:28]} 45. d6+ {[%clk 0:02:07]} Kf8
{[%clk 0:01:53]} 46. Rh8# {[%clk 0:02:36]} 1-0